Statistics for Most Observed Mammals

Click here to take the quiz!

General Stats

  • This quiz has been taken 64 times
    (63 since last reset)
  • The average score is 18 of 25

Answer Stats

# ObservationsMammal Species% Correct
163,397White-tailed Deer
100%
24,581European Roe Deer
94%
84,883Mule Deer
94%
51,999Red Fox
92%
28,329California Ground Squirrel
86%
162,370Eastern Grey Squirrel
86%
38,076Eastern Red Squirrel
86%
27,993Eurasian Red Squirrel
86%
73,140Fox Squirrel
86%
20,707Wild Boar
84%
35,572American Black Bear
82%
79,661Common Raccoon
80%
63,389Coyote
76%
24,325Moose
76%
76,129Eastern Cottontail
71%
34,239American Beaver
69%
25,608Desert Cottontail
65%
23,758Domestic Cat
65%
23,148Groundhog
59%
31,357Virginia Opossum
59%
24,115Bobcat
57%
42,625Eastern Chipmunk
55%
23,675Elk
55%
22,514Muskrat
39%
22,435Harbor Seal
33%

Score Distribution

Percentile by Number Answered

Percent of People with Each Score

Your Score History

You have not taken this quiz since the last reset